Southville International School and Colleges
Your cart is empty.
  • Cart
  • Lists
    Public lists Eva Luna New books Lux_list list_1
    Your lists Log in to create your own lists
  • Log in to your account
  • Your cookies
  • Search history
Southville International School and Colleges
  • Advanced search
  • Recent comments
  • Most popular
  • Libraries

Log in to your account

Log in with GOOGLE


If you do not have an external account, but do have a local account, you can still log in:

  1. Home
  2. MARC view: You read to me, I'll read to you /
Normal view MARC view ISBD view

You read to me, I'll read to you / (Record no. 12266)

[ view plain ]
MARC details
000 -LEADER
fixed length control field 00493nam a22001817a 4500
003 - CONTROL NUMBER IDENTIFIER
control field OSt
005 - DATE AND TIME OF LATEST TRANSACTION
control field 20140310182347.0
008 - FIXED-LENGTH DATA ELEMENTS--GENERAL INFORMATION
fixed length control field 130928t xxu||||| |||| 00| 0 eng d
020 ## - INTERNATIONAL STANDARD BOOK NUMBER
International Standard Book Number 0064460606
050 ## - LIBRARY OF CONGRESS CALL NUMBER
Classification number PZ 8.3
Item number .C566 1962
082 ## - DEWEY DECIMAL CLASSIFICATION NUMBER
Classification number GS 808.818
Item number C4 1987
100 ## - MAIN ENTRY--PERSONAL NAME
Personal name Ciardi, John
9 (RLIN) 22026
245 ## - TITLE STATEMENT
Title You read to me, I'll read to you /
Statement of responsibility, etc John Ciardi.
260 ## - PUBLICATION, DISTRIBUTION, ETC. (IMPRINT)
Place of publication, distribution, etc U.S.A :
Name of publisher, distributor, etc Harper Trophy,
Date of publication, distribution, etc 1962.
300 ## - PHYSICAL DESCRIPTION
Extent 64 p. :
Other physical details ill. ;
Dimensions 23 cm.
942 ## - ADDED ENTRY ELEMENTS (KOHA)
Source of classification or shelving scheme Library of Congress Classification
Koha item type
Holdings
Withdrawn status Lost status Source of classification or shelving scheme Damaged status Home library Current library Shelving location Date acquired Total Checkouts Full call number Barcode Date last seen Copy number Price effective from Koha item type
    Library of Congress Classification   Luxembourg Library Luxembourg Library Grade School Section 09/28/2013   PZ 8.3 .C566 1962 3651 06/05/2015 1 09/28/2013 Books

You read to me, I'll read to you /

APA

Ciardi J., . (1962). You read to me, I'll read to you. U.S.A: Harper Trophy.

Chicago

Ciardi John, . 1962. You read to me, I'll read to you. U.S.A: Harper Trophy.

Harvard

Ciardi J., . (1962). You read to me, I'll read to you. U.S.A: Harper Trophy.

MLA

Ciardi John, . You read to me, I'll read to you. U.S.A: Harper Trophy. 1962.

  • Place hold
  • Print
  • Cite
  • Add to your cart (remove)
  • Save record
    BIBTEX Dublin Core MARCXML MARC (non-Unicode/MARC-8) MARC (Unicode/UTF-8) MARC (Unicode/UTF-8, Standard) MODS (XML) RIS
  • More searches
    Search for this title in:
    Other Libraries (WorldCat) Other Databases (Google Scholar) Online Stores (Bookfinder.com) Open Library (openlibrary.org)

Exporting to Dublin Core...

SOUTHVILLE LIBRARY

Southville International School and Colleges Library

1281 Tropical Ave. Cor. Luxembourg St., BF Homes International, Las Pinas City

Tel. No. 8256374 / 252358 Loc. 117/146

Powered by Koha